Oblasť dlhodobého hmotného majetku v konkrétnych podmienkach účtovnej jednotky bakalárska práca

Enregistré dans:
Détails bibliographiques
Auteur principal: Bajzová, Timea
Collectivité auteur: Fakulta hospodárskej informatiky EU. Katedra účtovníctva a audítorstva
Autres auteurs: Domaracká, Denisa
Format: Livre
Langue:slovaque
Publié: Bratislava 2020
Tags: Ajouter un tag
Pas de tags, Soyez le premier à ajouter un tag!

MARC

LEADER 00000nbm a2200000 4500
001 0264721
005 20210427212205.7
041 0 |a slo 
044 |a SK 
245 1 0 |a Oblasť dlhodobého hmotného majetku v konkrétnych podmienkach účtovnej jednotky  |b bakalárska práca  |c Timea Bajzová ; školiteľ: Denisa Domaracká 
264 1 |a Bratislava  |c 2020 
300 |a 45 s. 
100 1 |a Bajzová, Timea 
700 1 |a Domaracká, Denisa 
710 2 |a Fakulta hospodárskej informatiky EU. Katedra účtovníctva a audítorstva